| 000 | 00998pam a2200289 a 4500 | ||
|---|---|---|---|
| 001 | 016014789 | ||
| 003 | Uk | ||
| 005 | 20161208104150.0 | ||
| 008 | 110928s2013 maua b 001 0 eng | ||
| 020 | _a9780273765226 (alk. paper) | ||
| 082 | 0 | 0 |
_a658.7 _223 _bCHO |
| 100 | 1 |
_931010 _aChopra, Sunil, _d1960- |
|
| 245 | 1 | 0 |
_aSupply Chain Management : _bStrategy, Planning, and Operation / _cSunil Chopra, Peter Meindl. |
| 250 | _a5th ed. | ||
| 260 |
_aBoston : _bPearson, _cc2013. |
||
| 300 |
_a528 p. : _bill. ; _c27 cm. |
||
| 504 | _aIncludes bibliographical references and index. | ||
| 650 | 0 |
_aMarketing channels _xManagement. _931011 |
|
| 650 | 0 |
_aDelivery of goods _xManagement. _931012 |
|
| 650 | 0 |
_aPhysical distribution of goods _xManagement. _931013 |
|
| 650 | 0 |
_aCustomer services _xManagement. _931014 |
|
| 650 | 0 |
_aIndustrial procurement. _931015 |
|
| 650 | 0 |
_aMaterials management. _931016 |
|
| 653 |
_bBus _cSeptember2012 |
||
| 700 | 1 |
_aMeindl, Peter, _d1970- _931017 |
|
| 942 |
_2ddc _cBB |
||
| 999 |
_c17041 _d17013 |
||